| 000 | 01068nam a2200253 4500 | ||
|---|---|---|---|
| 001 | 0000021489 | ||
| 005 | 20250329172015.0 | ||
| 007 | ta | ||
| 008 | 160627s2001 000 0 eng d | ||
| 020 | _a9968380164 | ||
| 040 |
_aCO-CtgCURN _bspa _ccoctgcurn |
||
| 082 | 0 |
_aR345.030 _bF564e |
|
| 100 | 1 | _aFlorian, Eugene. | |
| 245 | 1 | 0 |
_aElementos de derecho procesal penal / _cEugene Florian. |
| 260 | 1 |
_aMexico : : _bJuridicas Universitaria,, _c2001. |
|
| 300 | _a298 p. | ||
| 490 | 1 | _aClasicos del derecho procesal penal | |
| 500 | _aIncluye indice. | ||
| 505 | 8 | _aTeoria general del proceso penal.--Parte especial.--Instituciones procesales en particular.--Acción y proceso.--Aspectos generales.--Absorcion de la ciencia del proceso.--Sujetos del proceso.--educación de los jueces y de los abogados penales.--Problema de la naturaleza del hombre.--Antropologia y sociologia criminal | |
| 650 | 1 | 4 | _aDerecho procesal. |
| 908 | _a160627 | ||
| 942 |
_cREF _hR345.030 _iF564e |
||
| 999 |
_c7233 _d7233 |
||